Mezinárodní politika

Salvato in:
Dettagli Bibliografici
Autore principale: Krejčí, Oskar
Natura: Libro
Lingua:ceco
Pubblicazione: Praha Ekopress 2007
Edizione:3. aktualiz. a rozšíř. vyd.
Soggetti:
Tags: Aggiungi Tag
Nessun Tag, puoi essere il primo ad aggiungerne!!

MARC

LEADER 00000nam$a2200000$$$4500
001 0070241
005 20240226103218.8
020 |a 978-80-86929-21-7 
041 0 |a cze 
044 |a CZ 
245 1 0 |a Mezinárodní politika  |c Oskar Krejčí 
250 |a 3. aktualiz. a rozšíř. vyd. 
264 1 |a Praha  |b Ekopress  |c 2007 
300 |a 743 s. 
610 2 0 |a politika medzinárodná 
610 2 0 |a systémy politické 
610 2 0 |a vývoj 
610 2 0 |a vojny 
610 2 0 |a rovnováha 
610 2 0 |a politika svetová 
610 2 0 |a politika zahraničná 
610 2 0 |a kooperácia 
610 2 0 |a konflikty 
610 2 0 |a globalizácia 
100 1 |a Krejčí, Oskar